Systém virtuálnej ochrannej zóny

Salvato in:
Dettagli Bibliografici
Autore principale: Repka, Juraj (Autore)
Altri autori: Ďuďák, Juraj (Relatore della tesi)
Natura: Manoscritto Libro
Lingua:slovacco
Pubblicazione: 2025
Soggetti:
Accesso online:http://is.stuba.sk/zp/portal_zp.pl?podrobnosti=183930
Tags: Aggiungi Tag
Nessun Tag, puoi essere il primo ad aggiungerne!!

MARC

LEADER 00000ntm a22000003a 4500
001 stuzp104035
003 SK-STU
005 20250614212528.5
007 ta
008 150427s2015----xo-----f-mn---000-0-slo-d
040 |a STU  |b slo 
041 0 |a slo 
100 1 |a Repka, Juraj  |u 066000  |4 aut  |U MTF Materiálovotechnologická fakulta  |T MTF Ústav aplikovanej informatiky, automatizácie a mechatroniky  |X 111596  |U M6000  |Y 86  |7 111596 
242 0 1 |a Virtual Security Zone System  |y eng 
245 1 0 |a Systém virtuálnej ochrannej zóny 
260 |c 2025 
650 4 |a protection zone  |2 eng 
650 4 |a deep learning  |2 eng 
650 4 |a stereovision  |2 eng 
650 4 |a ochranná zóna  |2 slo 
650 4 |a stereovízia  |2 slo 
650 4 |a hlboké učenie  |2 slo 
700 1 |a Ďuďák, Juraj  |u 066000  |k Z1  |4 ths  |U MTF Materiálovotechnologická fakulta  |T MTF Ústav aplikovanej informatiky, automatizácie a mechatroniky  |X 53397  |U M6000  |Y 86  |7 A000053397 
856 4 |u http://is.stuba.sk/zp/portal_zp.pl?podrobnosti=183930 
996 |c M* DP-15635  |l MMSKP  |s P  |a 0  |w stuzp104035_0001